Life and death in a German town (Record no. 114478)
[ view plain ]
| 000 -LEADER | |
|---|---|
| fixed length control field | 01722nam a2200373 a 4500 |
| 100 1# - MAIN ENTRY--AUTHOR NAME | |
| Personal name | Panayi, Panikos. |
| 245 10 - TITLE STATEMENT | |
| Title | Life and death in a German town |
| 260 ## - PUBLICATION, DISTRIBUTION, ETC. (IMPRINT) | |
| Place of publication | London : |
| Name of publisher | Tauris Academic Studies, |
| Year of publication | 2007. |
| 300 ## - PHYSICAL DESCRIPTION | |
| Number of Pages | xviii, 360 p., [3] p. of plates : |
| Other physical details | ill., maps. |
| 490 1# - SERIES STATEMENT | |
| Series statement | ILTCH ; |
| 505 0# - FORMATTED CONTENTS NOTE | |
| Formatted contents note | pt. 1. Introduction -- pt. 2. Ethnic majorities -- pt. 3. Ethnic minorities. |
| 650 #0 - SUBJECT ADDED ENTRY--TOPICAL TERM | |
| Topical Term | World War, 1939-1945 |
| 856 40 - ELECTRONIC LOCATION AND ACCESS | |
| Uniform Resource Identifier | http://site.ebrary.com/lib/rucke/Doc?id=10194028 |
No items available.
